| 000 | 02161nam a2200565 i 4500 | ||
|---|---|---|---|
| 001 | 15209 | ||
| 003 | KOSZ 005 | ||
| 005 | 20200623104728.0 | ||
| 008 | 200404s1973 pl a f 000 0 pol | ||
| 015 | _aUWD 1973/2966 | ||
| 035 | _a991034519349705066 | ||
| 035 | _a(PL-WaBN)b1923062x-48omnis_nlop | ||
| 035 | _ab1923062x | ||
| 035 | _a(OCoLC)751349753 | ||
| 035 | _a(PL)b0000001923062 | ||
| 035 | _a(EXLNZ-48OMNIS_NETWORK)9910524753205606 | ||
| 040 |
_aWA N _cWA N _dKOSZ 005/RW |
||
| 041 | 0 |
_apol _beng _brus |
|
| 046 | _k1973 | ||
| 080 | _a531.1 | ||
| 080 | _a621.01 | ||
| 080 | _a621.82/.85 | ||
| 100 | 1 |
_aAdamczyk, Erwin _d(1943-2005) _eAutor |
|
| 245 | 1 | 0 |
_aZagadnienia struktury układów kinematycznych / _cErwin Adamczyk, Stefan Miller. |
| 260 |
_aWrocław : _bWydawnictwo Politechniki Wrocławskiej, _c1973. |
||
| 300 |
_a47 stron : _bilustracje ; _c24 cm. |
||
| 336 |
_aTekst _btxt _2rdacontent |
||
| 337 |
_aBez urządzenia pośredniczącego _bn _2rdamedia |
||
| 338 |
_aWolumin _bnc _2rdacarrier |
||
| 380 | _aKsiążki | ||
| 380 | _aPublikacje naukowe | ||
| 388 | _a1901-2000 | ||
| 388 | _a1945-1989 | ||
| 490 | 1 |
_aPrace Naukowe Instytutu Konstrukcji i Eksploatacji Maszyn Politechniki Wrocławskiej. Studia i Materiały, _x0324-9638 ; _vnr 16 |
|
| 500 | _aNumeracja serii głównej: nr 21 | ||
| 504 | _aBibliografia przy rozdziałach. | ||
| 546 | _aStreszczenie w języku angielskim i rosyjskim. | ||
| 650 | 7 |
_aKinematyka _2DBN |
|
| 650 | 7 | _aNapęd | |
| 655 | 7 | _aOpracowanie | |
| 658 | _aInżynieria i technika | ||
| 658 | _aFizyka i astronomia | ||
| 700 | 1 |
_aMiller, Stefan _d(1929- ) _eAutor |
|
| 710 | 2 |
_aOficyna Wydawnicza Politechniki Wrocławskiej _4pbl |
|
| 830 | 0 |
_aPrace Naukowe Instytutu Konstrukcji i Eksploatacji Maszyn Politechniki Wrocławskiej _v21 |
|
| 830 | 0 |
_aPrace Naukowe Instytutu Konstrukcji i Eksploatacji Maszyn Politechniki Wrocławskiej. _pStudia i Materiały _v16 |
|
| 856 |
_uhttp://koha.tu.koszalin.pl/cgi-bin/koha/opac-detail.pl?biblionumber=15209 _yKatalog online BPK |
||
| 942 |
_2UKD _cKS |
||
| 999 |
_c15209 _d15209 |
||